01273aam a2200217 i 4500003000400000005001700004008002300021020003700044040000800081050001900089082002300108100002900131245004500160264004000205300002300245500001900268500003700287521068300324650003601007650001201043KPN20260416113622.020260416b 00| 0 eng d a9780241608005qhardbackcRM99.75 cKPN a158.1 NAF 202304a158.1 NAF 20232231 aNafousi, Roxie,eauthor.10aManifest :bDive deeper/cRoxie Nafaousi 1aUK :bPenguin Michael Joseph,c2023 a232 pages ;c22 cm aIncludes index aIncludes questions and exercises aManifest showed you it's possible to change your life. Now Dive Deeper will show you every step you need to take to get there. In this hotly-demanded follow-up, you will discover exactly how to unlock your limitless potential, create lasting, transformative change, and turn your dreams into a reality. Expanding your understanding of each of the unique seven steps to manifestation, Roxie Nafousi provides practical techniques to teach you how to harness your potential and confidently step into your power. Each chapter is filled with simple and inspiring exercises designed to cultivate self-awareness, reflection and growth, empowering your manifesting process even more.10aSelf-actualization (Psychology)20aSuccess